[Event "GER-ch U14"]
[Site "Willingen"]
[Date "2018.05.25"]
[Round "8"]
[White "Morgenstern, Tobias"]
[Black "Popist, Florian"]
[Result "0-1"]
[WhiteElo "1719"]
[BlackElo "1894"]
[PlyCount "80"]
[EventDate "2018.05.19"]
[EventType "swiss"]
[EventRounds "9"]
[EventCountry "GER"]
[SourceTitle "CBM 184 Extra"]
[Source "ChessBase"]
[SourceDate "2018.06.28"]
[SourceVersion "1"]
[SourceVersionDate "2018.06.28"]
[SourceQuality "1"]

1. e4 c5 2. Nf3 e6 3. d4 cxd4 4. Nxd4 Nc6 5. Nc3 Qc7 6. Be3 a6 7. a3 b5 8. Be2 Bb7 9. f4 d6 10. Qd2 Be7 11. 0-0-0 Nf6 12. Nxc6 Bxc6 13. Bf3 0-0 14. g4 Rfc8 15. f5 Nd7 16. Bd4 a5 17. g5 e5 18. Be3 b4 19. Nb1 Ba4 20. c3 Bxd1 21. Rxd1 Bf8 22. g6 fxg6 23. fxg6 h6 24. Bg4 Nf6 25. Bxc8 Rxc8 26. Rf1 Qc4 27. Rxf6 gxf6 28. Bxh6 b3 29. Bxf8 Qf1+ 30. Qd1 Qxd1+ 31. Kxd1 Kxf8 32. h4 Kg7 33. h5 Kh6 34. Nd2 a4 35. Nf1 Kxh5 36. Ng3+ Kxg6 37. Nf5 Rh8 38. Kd2 Rh2+ 39. Kc1 Rh1+ 40. Kd2 Rb1 0-1

[Event "GER-ch U14"]
[Site "Willingen"]
[Date "2018.05.23"]
[Round "5"]
[White "Morgenstern, Tobias"]
[Black "Hinrichs, Paul"]
[Result "0-1"]
[WhiteElo "1719"]
[BlackElo "1918"]
[PlyCount "44"]
[EventDate "2018.05.19"]
[EventType "swiss"]
[EventRounds "9"]
[EventCountry "GER"]
[SourceTitle "CBM 184 Extra"]
[Source "ChessBase"]
[SourceDate "2018.06.28"]
[SourceVersion "1"]
[SourceVersionDate "2018.06.28"]
[SourceQuality "1"]

1. e4 e5 2. f4 exf4 3. Bc4 Ne7 4. Nc3 Ng6 5. Nge2 Qh4+ 6. g3 fxg3 7. Nxg3 Bd6 8. Nce2 Bxg3+ 9. Nxg3 d5 10. Bd3 dxe4 11. Bxe4 f5 12. Bd3 0-0 13. 0-0 f4 14. Bxg6 hxg6 15. Qf3 Nc6 16. d3 Bh3 17. Ne4 Nd4 18. Qf2 Qg4+ 19. Kh1 Bxf1 20. Qxf1 Nxc2 21. Rb1 Rad8 22. Bd2 Ne3 0-1

[Event "GER-ch U14"]
[Site "Willingen"]
[Date "2018.05.20"]
[Round "2"]
[White "Pubantz, Jan"]
[Black "Morgenstern, Tobias"]
[Result "1/2-1/2"]
[WhiteElo "2084"]
[BlackElo "1719"]
[PlyCount "50"]
[EventDate "2018.05.19"]
[EventType "swiss"]
[EventRounds "9"]
[EventCountry "GER"]
[SourceTitle "CBM 184 Extra"]
[Source "ChessBase"]
[SourceDate "2018.06.28"]
[SourceVersion "1"]
[SourceVersionDate "2018.06.28"]
[SourceQuality "1"]

1. d4 Nf6 2. c4 c5 3. Nf3 cxd4 4. Nxd4 e5 5. Nb5 d5 6. cxd5 Bc5 7. N5c3 0-0 8. g3 a6 9. Bg2 b5 10. 0-0 Bb7 11. Bg5 Nbd7 12. Nd2 h6 13. Bxf6 Nxf6 14. Rc1 Ba7 15. Nde4 Nxd5 16. Nxd5 Bxd5 17. Qxd5 Qxd5 18. Nf6+ gxf6 19. Bxd5 Rad8 20. Bb7 Rd2 21. Rc6 Rb8 22. Bxa6 Rxb2 23. a3 Kg7 24. e3 Ra2 25. Rb1 Rxa3 1/2-1/2

[Event "GER-chT U12"]
[Site "Magdeburg"]
[Date "2017.12.27"]
[Round "2.2"]
[White "Morgenstern, Tobias"]
[Black "Gutewort, Paul Emil"]
[Result "1-0"]
[WhiteElo "1751"]
[BlackElo "1538"]
[PlyCount "93"]
[EventDate "2017.12.26"]
[EventType "team-swiss"]
[EventRounds "7"]
[EventCountry "GER"]
[SourceTitle "CBM 182 Extra"]
[Source "ChessBase"]
[SourceDate "2018.02.23"]
[SourceVersion "1"]
[SourceVersionDate "2018.02.23"]
[SourceQuality "1"]
[WhiteTeam "Magdeburg Schachzwerge"]
[BlackTeam "Berlin Nord Ost"]
[WhiteTeamCountry "GER"]
[BlackTeamCountry "GER"]

1. e4 e5 2. Nf3 Nc6 3. Bc4 Nf6 4. d3 Bc5 5. c3 d6 6. a4 a6 7. 0-0 0-0 8. h3 Be6 9. Na3 h6 10. b4 Ba7 11. Ba2 d5 12. Qe2 dxe4 13. dxe4 Bxa2 14. Rxa2 Qe7 15. Nc4 Nd7 16. b5 Nd8 17. bxa6 bxa6 18. Ba3 c5 19. Rd2 Nc6 20. Rfd1 Rfd8 21. Ne3 Nf6 22. Nf5 Qe8 23. Nd6 Qe7 24. Qxa6 Nb8 25. Qc4 Nbd7 26. a5 Bb8 27. Bxc5 Nxc5 28. Nf5 Qc7 29. Rxd8+ Kh7 30. Rf8 Ra7 31. Rdd8 Ne6 32. Rh8+ Kg6 33. Qxc7 Bxc7 34. Ne7+ Kh5 35. g4+ Nxg4 36. hxg4+ Kxg4 37. Nh2+ Kg5 38. Ra8 Rb7 39. Nd5 Rb1+ 40. Kg2 Rb2 41. Nf3+ Kg4 42. Nh2+ Kg5 43. Nxc7 Nf4+ 44. Kf3 Rd2 45. Nf1 Rd3+ 46. Ne3 Kh5 47. Ncd5 1-0

[Event "GER-ch U12"]
[Site "Willingen"]
[Date "2017.06.09"]
[Round "10"]
[White "Bui, Bao Anh Le"]
[Black "Morgenstern, Tobias"]
[Result "0-1"]
[WhiteElo "1754"]
[BlackElo "1581"]
[PlyCount "78"]
[EventDate "2017.06.04"]
[EventType "swiss"]
[EventRounds "11"]
[EventCountry "GER"]
[SourceTitle "CBM 178 Extra"]
[Source "ChessBase"]
[SourceDate "2017.06.22"]
[SourceVersion "1"]
[SourceVersionDate "2017.06.22"]
[SourceQuality "1"]

1. e4 e5 2. Nf3 Nc6 3. Bc4 Bc5 4. c3 Nf6 5. d3 a6 6. Bb3 Ba7 7. Nbd2 d6 8. h3 h6 9. Nf1 0-0 10. Ng3 d5 11. Qe2 d4 12. 0-0 Qd6 13. Nh4 Ne7 14. Kh1 g5 15. Nhf5 Nxf5 16. Nxf5 Bxf5 17. exf5 Rad8 18. c4 Kh7 19. Re1 Rfe8 20. Qf3 c6 21. Bd2 Bb8 22. g3 Re7 23. Kg2 Rde8 24. Bc2 b5 25. b3 c5 26. Re2 Bc7 27. Rh1 Rb8 28. g4 bxc4 29. bxc4 Rd8 30. Bb1 Rg8 31. h4 gxh4 32. Rxh4 Nxg4 33. Rxg4 e4 34. Rexe4 Rxg4+ 35. Rxg4 Qh2+ 36. Kf1 h5 37. Qg2 hxg4 38. Qxh2+ Bxh2 39. Kg2 Re2 0-1

[Event "GER-ch U12"]
[Site "Willingen"]
[Date "2017.06.09"]
[Round "9"]
[White "Morgenstern, Tobias"]
[Black "Bethke, Richard"]
[Result "1/2-1/2"]
[WhiteElo "1581"]
[BlackElo "2151"]
[PlyCount "112"]
[EventDate "2017.06.04"]
[EventType "swiss"]
[EventRounds "11"]
[EventCountry "GER"]
[SourceTitle "CBM 178 Extra"]
[Source "ChessBase"]
[SourceDate "2017.06.22"]
[SourceVersion "1"]
[SourceVersionDate "2017.06.22"]
[SourceQuality "1"]

1. e4 c5 2. Nf3 d6 3. d4 cxd4 4. Nxd4 Nf6 5. Nc3 a6 6. Qf3 Nbd7 7. Be3 Ne5 8. Qg3 Neg4 9. Bd2 e5 10. Nf5 g6 11. Ne3 Nxe3 12. Bxe3 Qa5 13. 0-0-0 b5 14. Kb1 b4 15. Nd5 Nxd5 16. Rxd5 Qc7 17. f3 Be6 18. Rd2 a5 19. Bb5+ Bd7 20. Bxd7+ Qxd7 21. Rhd1 Qe6 22. Rd5 Be7 23. f4 f6 24. Qf3 0-0 25. f5 Qf7 26. Bb6 Ra6 27. Bc7 Rc8 28. Bxd6 Bxd6 29. Rxd6 Rxd6 30. Rxd6 Qc7 31. Qd3 Qc5 32. Qd5+ Qxd5 33. Rxd5 Rc4 34. fxg6 hxg6 35. Rxa5 Rxe4 36. b3 Re1+ 37. Kb2 Re2 38. Rb5 Rxg2 39. Rxb4 f5 40. a4 Rd2 41. a5 Rd8 42. a6 Ra8 43. Ra4 f4 44. Kc1 Kf8 45. b4 Ke7 46. Kd2 Kd6 47. c4 e4 48. c5+ Kc6 49. b5+ Kxb5 50. Rxe4 Rxa6 51. Rxf4 Ra2+ 52. Ke3 Kxc5 53. Rg4 Ra6 54. Rg5+ Kc4 55. h4 Re6+ 56. Kf4 Kd4 1/2-1/2

[Event "GER-ch U12"]
[Site "Willingen"]
[Date "2017.06.08"]
[Round "8"]
[White "Colbow, Collin"]
[Black "Morgenstern, Tobias"]
[Result "1-0"]
[WhiteElo "1942"]
[BlackElo "1581"]
[PlyCount "99"]
[EventDate "2017.06.04"]
[EventType "swiss"]
[EventRounds "11"]
[EventCountry "GER"]
[SourceTitle "CBM 178 Extra"]
[Source "ChessBase"]
[SourceDate "2017.06.22"]
[SourceVersion "1"]
[SourceVersionDate "2017.06.22"]
[SourceQuality "1"]

1. e4 e5 2. Nf3 Nc6 3. Bc4 Bc5 4. 0-0 Nf6 5. d3 a6 6. Nbd2 d6 7. c3 Na5 8. Bxf7+ Kxf7 9. b4 Ba7 10. bxa5 Re8 11. Qb3+ Kf8 12. Ba3 Be6 13. Qxb7 Qd7 14. Qb2 Rab8 15. Qc2 Qb5 16. Rfb1 Qxa5 17. Bb4 Qb6 18. d4 exd4 19. cxd4 Kg8 20. Qc3 d5 21. Ba5 Nxe4 22. Bxb6 Nxc3 23. Bxa7 Nxb1 24. Rxb1 Rxb1+ 25. Nxb1 Ra8 26. Bc5 Rb8 27. Nbd2 Rb2 28. a3 Bg4 29. h3 Bh5 30. g4 Bg6 31. Kg2 Be4 32. Kg3 h6 33. Nf1 g5 34. Ne3 Rb3 35. h4 Bxf3 36. Kxf3 c6 37. hxg5 hxg5 38. Kg2 Kf7 39. Nf5 Rc3 40. Nd6+ Ke6 41. Ne8 Kd7 42. Nf6+ Ke6 43. Nh7 Rxc5 44. dxc5 d4 45. Kf3 Kd5 46. Nxg5 Kxc5 47. Ne4+ Kd5 48. g5 Ke5 49. g6 Ke6 50. Ke2 1-0

[Event "GER-ch U12"]
[Site "Willingen"]
[Date "2017.06.06"]
[Round "5"]
[White "Morgenstern, Tobias"]
[Black "Arakelian, Aik"]
[Result "0-1"]
[WhiteElo "1581"]
[BlackElo "1893"]
[PlyCount "100"]
[EventDate "2017.06.04"]
[EventType "swiss"]
[EventRounds "11"]
[EventCountry "GER"]
[SourceTitle "CBM 178 Extra"]
[Source "ChessBase"]
[SourceDate "2017.06.22"]
[SourceVersion "1"]
[SourceVersionDate "2017.06.22"]
[SourceQuality "1"]

1. e4 c5 2. Nf3 d6 3. d4 cxd4 4. Nxd4 Nf6 5. Nc3 g6 6. Be3 Bg7 7. Bc4 Nc6 8. f3 0-0 9. Qd2 Nd7 10. 0-0-0 Nb6 11. Bb3 Na5 12. Qe2 Bd7 13. h4 Rc8 14. h5 Nbc4 15. hxg6 fxg6 16. Bh6 Bxh6+ 17. Rxh6 e5 18. Bxc4+ Nxc4 19. Rdh1 exd4 20. Nd5 Rf7 21. Qd3 Ne3 22. Qxd4 Nxd5 23. Rxg6+ Kf8 24. exd5 Bf5 25. Re1 Rxc2+ 26. Kd1 Rc1+ 27. Kxc1 Qc7+ 28. Kd2 Qc2+ 29. Ke3 Bxg6 30. Qh8+ Ke7 31. Kd4+ Kd7 32. Qe8+ Kc7 33. Re7+ Kb6 34. Qd8+ Kb5 35. Qd7+ Ka5 36. b4+ Kxb4 37. Qxb7+ Ka3 38. Qa6+ Qa4+ 39. Qxa4+ Kxa4 40. Rxf7 Bxf7 41. f4 Ka3 42. g4 a5 43. Kc4 a4 44. Kc3 Bxd5 45. f5 Kxa2 46. Kc2 h6 47. f6 a3 48. Kc1 Bf7 49. Kc2 Bg6+ 50. Kc1 d5 0-1